Glossary of computing terms

Enregistré dans:
Détails bibliographiques
Format: Livre
Langue:anglais
Publié: Harlow : Longman Group UK, 1995
Édition:11.ed.
Sujets:
Tags: Ajouter un tag
Pas de tags, Soyez le premier à ajouter un tag!

MARC

LEADER 00000nam a22000003a 4500
001 stu10242
005 20150408181854.3
008 971030s1995----uk------------------eng-d
020 |a 0-582-27544-X 
040 |a STU  |b slo 
041 0 |a eng 
044 |a uk 
080 |a 801.316.4=20 
080 |a 681.3(08) 
245 |a Glossary of computing terms 
250 |a 11.ed. 
260 |a Harlow :  |b Longman Group UK,  |c 1995 
300 |a 384 s 
650 7 |a výpočtová technika  |2 stusub 
650 7 |a slovníky  |2 stusub 
996 |c I*22S5109  |l I  |s A  |a 24  |w stu10242_0001